[Event "Calvia Amateur op 10th"]
[Site "Calvia"]
[Date "2013.10.13"]
[Round "9"]
[White "Filinkov, Alexander"]
[Black "Diaz Nunez, Adolfo"]
[Result "1/2-1/2"]
[WhiteElo "2192"]
[BlackElo "2269"]
[PlyCount "46"]
[EventDate "2013.10.05"]
[EventType "swiss"]
[EventRounds "9"]
[EventCountry "ESP"]
[SourceTitle "EXT 2014"]
[Source "ChessBase"]
[SourceDate "2013.11.20"]
[SourceVersion "1"]
[SourceVersionDate "2013.11.20"]
[SourceQuality "1"]

1. d4 d5 2. Nf3 Nf6 3. c4 c6 4. g3 dxc4 5. Bg2 b5 6. Ne5 Bb7 7. a4 a6 8. axb5 axb5 9. Rxa8 Bxa8 10. Na3 e6 11. 0-0 Nbd7 12. Nxc6 Qb6 13. Ne5 Bxg2 14. Kxg2 Nxe5 15. dxe5 Nd7 16. Be3 Qb7+ 17. Kg1 Be7 18. Qd4 0-0 19. Rd1 Rd8 20. Qa7 Qxa7 21. Bxa7 Nxe5 22. Rxd8+ Bxd8 23. Nxb5 Nc6 1/2-1/2

[Event "UrFO-ch op"]
[Site "Cheliabinsk"]
[Date "2011.03.19"]
[Round "1"]
[White "Vasiliev, Arkadii"]
[Black "Filinkov, Alexander"]
[Result "0-1"]
[WhiteElo "1899"]
[BlackElo "2213"]
[PlyCount "108"]
[EventDate "2011.03.19"]
[EventType "swiss"]
[EventRounds "9"]
[EventCountry "RUS"]
[SourceTitle "EXT 2012"]
[Source "ChessBase"]
[SourceDate "2011.11.24"]
[SourceVersion "1"]
[SourceVersionDate "2011.11.24"]
[SourceQuality "1"]

1. e4 c5 2. Nf3 Nc6 3. Nc3 d6 4. d4 cxd4 5. Nxd4 Nf6 6. f3 e5 7. Nb3 Be7 8. Be3 Be6 9. Qd2 0-0 10. 0-0-0 Rc8 11. Nd5 a6 12. g4 Nd7 13. Kb1 a5 14. a3 a4 15. Nc1 Bxd5 16. exd5 Na5 17. Qb4 Qc7 18. Bd3 Nc4 19. Bf2 b5 20. Ne2 Rb8 21. Ng3 Bh4 22. Qe1 g6 23. Nf5 Bxf2 24. Ne7+ Kh8 25. Qxf2 b4 26. Nc6 Nxb2 27. Kxb2 bxa3+ 28. Kc1 a2 29. Kd2 Nc5 30. Nxb8 Rxb8 31. Ke2 Rb2 32. Rhe1 Qa5 33. Qe3 Nb3 34. Kf1 Rb1 35. cxb3 a1Q 36. Rxb1 Qd4 37. Qxd4 exd4 38. b4 Qxd5 39. Kf2 Qg5 40. Re2 a3 41. Ra1 h5 42. h3 Qf4 43. Rxa3 h4 44. Be4 Qc1 45. Ra8+ Kg7 46. Kg2 Qc4 47. Rb2 d5 48. Bb1 Qc1 49. Raa2 Qf4 50. Rb3 Qg3+ 51. Kf1 Qxh3+ 52. Rg2 Qh1+ 53. Rg1 Qh2 54. Rg2 Qf4 0-1

[Event "Novy Bor op"]
[Site "Novy Bor"]
[Date "2010.02.19"]
[Round "8"]
[White "Filinkov, Alexander"]
[Black "Bednar, Marcel"]
[Result "0-1"]
[WhiteElo "2261"]
[BlackElo "2185"]
[PlyCount "90"]
[EventDate "2010.02.13"]
[EventType "swiss"]
[EventRounds "9"]
[EventCountry "CZE"]
[SourceTitle "CBM 134 Extra"]
[Source "ChessBase"]
[SourceDate "2010.03.03"]
[SourceVersion "1"]
[SourceVersionDate "2010.03.03"]
[SourceQuality "1"]

1. e4 Nf6 2. Nc3 d5 3. e5 d4 4. exf6 dxc3 5. bxc3 exf6 6. d4 Bd6 7. Qf3 0-0 8. Bd3 Re8+ 9. Ne2 Qd7 10. Be3 Qg4 11. Qxg4 Bxg4 12. 0-0 Nc6 13. Ng3 Bd7 14. a3 g6 15. Ne4 Be7 16. Nd2 f5 17. Nc4 b5 18. Nd2 Na5 19. c4 a6 20. cxb5 axb5 21. d5 Bd6 22. Bd4 c5 23. dxc6 Bxc6 24. Rfb1 Be5 25. Bxe5 Rxe5 26. f4 Rc5 27. Rb4 Rd8 28. g3 h5 29. Kf2 Rxc2 30. Bxc2 Rxd2+ 31. Ke3 Rxc2 32. Kd4 Kf8 33. Re1 Ra2 34. Kc5 Rxa3 35. Kb6 Be8 36. Rd4 Nc6 37. Rd6 b4 38. Rxc6 Bxc6 39. Kxc6 Ra2 40. Rb1 Rxh2 41. Rxb4 Rh3 42. Rb3 Kg7 43. Kd5 h4 44. Rb2 Rxg3 45. Rh2 Rg4 0-1

[Event "Novy Bor op"]
[Site "Novy Bor"]
[Date "2010.02.15"]
[Round "3"]
[White "Jakovlev, Juri"]
[Black "Filinkov, Alexander"]
[Result "1/2-1/2"]
[WhiteElo "2113"]
[BlackElo "2261"]
[PlyCount "116"]
[EventDate "2010.02.13"]
[EventType "swiss"]
[EventRounds "9"]
[EventCountry "CZE"]
[SourceTitle "CBM 134 Extra"]
[Source "ChessBase"]
[SourceDate "2010.03.03"]
[SourceVersion "1"]
[SourceVersionDate "2010.03.03"]
[SourceQuality "1"]

1. e4 c6 2. c4 e5 3. d4 d6 4. dxe5 dxe5 5. Qxd8+ Kxd8 6. Be3 Be6 7. Nc3 Nd7 8. 0-0-0 Kc7 9. f4 f6 10. Nf3 h6 11. h4 Bb4 12. f5 Bf7 13. Kc2 Bxc3 14. Kxc3 Ne7 15. g4 g6 16. Be2 gxf5 17. gxf5 c5 18. Rhg1 Rh7 19. Rg3 Nc6 20. Rdg1 Nd4 21. Bd3 Kd6 22. Nd2 Ke7 23. Rg7 Rxg7 24. Rxg7 Nb6 25. b3 Rh8 26. Nf1 Nc8 27. Bf2 Kf8 28. Rg3 Nd6 29. Ne3 b6 30. Kd2 h5 31. Nd1 Be8 32. Nc3 Bc6 33. Nd5 Bxd5 34. cxd5 Kf7 35. Rg6 a5 36. Bxd4 cxd4 37. Rg1 Rg8 38. Rxg8 Kxg8 39. a3 Kf8 40. Kd1 Ke7 41. Kd2 Kd7 42. Kd1 Kc7 43. Kc2 b5 44. b4 axb4 45. axb4 Kb6 46. Kb3 Ka6 47. Kb2 Kb7 48. Kb3 Kb6 49. Kb2 Nc4+ 50. Bxc4 bxc4 51. Kc2 Kb5 52. Kb2 Kb6 53. Kc2 Kb5 54. Kb2 Kb6 55. Kc2 Kb5 56. Kb2 Kb6 57. Kc2 Kb5 58. Kb2 Kb6 1/2-1/2

[Event "Novy Bor op"]
[Site "Novy Bor"]
[Date "2010.02.14"]
[Round "2"]
[White "Filinkov, Alexander"]
[Black "Cakl, Zdenek"]
[Result "1/2-1/2"]
[WhiteElo "2261"]
[BlackElo "2116"]
[PlyCount "66"]
[EventDate "2010.02.13"]
[EventType "swiss"]
[EventRounds "9"]
[EventCountry "CZE"]
[SourceTitle "CBM 134 Extra"]
[Source "ChessBase"]
[SourceDate "2010.03.03"]
[SourceVersion "1"]
[SourceVersionDate "2010.03.03"]
[SourceQuality "1"]

1. d4 Nf6 2. Nf3 e6 3. g3 b6 4. Bg2 Bb7 5. c4 c5 6. e3 Qc7 7. b3 cxd4 8. exd4 Bb4+ 9. Bd2 Bxd2+ 10. Qxd2 0-0 11. 0-0 d5 12. Na3 Qe7 13. Nb5 Nc6 14. Rfe1 Rfe8 15. Qf4 Rac8 16. Rac1 a6 17. Nc3 dxc4 18. bxc4 Na5 19. d5 Rxc4 20. Qe3 Rxc3 21. Qxc3 Nxd5 22. Qe5 b5 23. Bf1 Nc6 24. Qb2 h6 25. Ne5 Nxe5 26. Qxe5 Qa3 27. Rc7 Ba8 28. Ra7 Nf6 29. Bg2 Bxg2 30. Kxg2 Qxa2 31. Re2 Qd5+ 32. Qxd5 Nxd5 33. Rxa6 b4 1/2-1/2

[Event "Novy Bor op"]
[Site "Novy Bor"]
[Date "2010.02.13"]
[Round "1"]
[White "Strzelczyk, Anna"]
[Black "Filinkov, Alexander"]
[Result "0-1"]
[WhiteElo "1910"]
[BlackElo "2261"]
[PlyCount "66"]
[EventDate "2010.02.13"]
[EventType "swiss"]
[EventRounds "9"]
[EventCountry "CZE"]
[SourceTitle "CBM 134 Extra"]
[Source "ChessBase"]
[SourceDate "2010.03.03"]
[SourceVersion "1"]
[SourceVersionDate "2010.03.03"]
[SourceQuality "1"]

1. e4 c5 2. Nf3 Nc6 3. d4 cxd4 4. Nxd4 Nf6 5. Nc3 d6 6. Bg5 Bd7 7. Qd2 a6 8. 0-0-0 b5 9. Bxf6 gxf6 10. Nxc6 Bxc6 11. f4 h5 12. Kb1 e6 13. Bd3 Qb6 14. Rhe1 0-0-0 15. Ne2 Kb8 16. Qc3 Be7 17. Qb3 d5 18. exd5 Bxd5 19. c4 Bxg2 20. cxb5 Bd5 21. Qa4 axb5 22. Bxb5 f5 23. Nc3 Bb7 24. Qc4 Bd6 25. a4 Qc5 26. Qf1 Qb4 27. Ba6 Ba8 28. Qe2 Bxf4 29. Qc2 Rxd1+ 30. Rxd1 Qb6 31. Qd3 Be5 32. Bb5 Rc8 33. Na2 Be4 0-1

[Event "Marianske Lazne op"]
[Site "Marianske Lazne"]
[Date "2008.01.22"]
[Round "5"]
[White "Hansen, Torbjorn Ringdal"]
[Black "Filinkov, Alexander"]
[Result "1/2-1/2"]
[WhiteElo "2354"]
[BlackElo "2246"]
[PlyCount "94"]
[EventDate "2008.01.19"]
[EventType "swiss"]
[EventRounds "9"]
[EventCountry "CZE"]
[SourceTitle "CBM 122 Extra"]
[Source "ChessBase"]
[SourceDate "2008.03.04"]
[SourceVersion "1"]
[SourceVersionDate "2008.03.04"]
[SourceQuality "1"]

1. e4 c5 2. Nf3 Nc6 3. d4 cxd4 4. Nxd4 d6 5. Nc3 e6 6. g4 Nge7 7. Be3 Nxd4 8. Qxd4 Nc6 9. Qd2 a6 10. 0-0-0 b5 11. f4 Be7 12. g5 Qa5 13. Kb1 Bb7 14. h4 b4 15. Ne2 b3 16. Qxa5 bxc2+ 17. Kxc2 Nxa5 18. Ng3 d5 19. exd5 Bxd5 20. Rxd5 exd5 21. Nf5 g6 22. Bd4 Rg8 23. Nh6 Rf8 24. Bh3 Nc6 25. Bg7 f5 26. gxf6 Rxf6 27. Bxf6 Bxf6 28. h5 Rb8 29. b3 Rb4 30. hxg6 hxg6 31. Re1+ Kd8 32. Rd1 Rxf4 33. Rxd5+ Kc7 34. Rd7+ Kb6 35. Ng4 Bh8 36. Ne3 Rf3 37. Nc4+ Kc5 38. Rh7 Bf6 39. Bc8 Nd4+ 40. Kd2 Rf2+ 41. Kd3 Rxa2 42. Rc7+ Kb4 43. Rb7+ Nb5 44. Rb6 Bd8 45. Rxg6 Kxb3 46. Bxa6 Kb4 47. Bxb5 Kxb5 1/2-1/2

[Event "Marianske Lazne op"]
[Site "Marianske Lazne"]
[Date "2008.01.21"]
[Round "3"]
[White "De Verdier, Michael Carl Adam"]
[Black "Filinkov, Alexander"]
[Result "1/2-1/2"]
[WhiteElo "2147"]
[BlackElo "2246"]
[PlyCount "81"]
[EventDate "2008.01.19"]
[EventType "swiss"]
[EventRounds "9"]
[EventCountry "CZE"]
[SourceTitle "CBM 122 Extra"]
[Source "ChessBase"]
[SourceDate "2008.03.04"]
[SourceVersion "1"]
[SourceVersionDate "2008.03.04"]
[SourceQuality "1"]

1. Nf3 Nf6 2. c4 g6 3. Nc3 Bg7 4. e4 d6 5. d4 0-0 6. Be2 e5 7. 0-0 Nc6 8. d5 Ne7 9. b4 b6 10. c5 bxc5 11. bxc5 dxc5 12. Ba3 Qd6 13. Nd2 a5 14. Nc4 Qd8 15. Bxc5 Ba6 16. d6 cxd6 17. Qxd6 Re8 18. Rfc1 Qxd6 19. Nxd6 Red8 20. Bd1 Nc8 21. Nxc8 Rdxc8 22. Nd5 Nxd5 23. exd5 e4 24. Rab1 Bd3 25. Be7 Bxb1 26. Rxb1 Ra7 27. d6 Bf8 28. Bxf8 Kxf8 29. Ba4 Rb7 30. Re1 Rd8 31. d7 Rbxd7 32. Bxd7 Rxd7 33. g3 Rd4 34. Rc1 Rd2 35. Rc4 f5 36. Ra4 Rd5 37. Rc4 Ke7 38. Rc7+ Rd7 39. Rc5 Rd1+ 40. Kg2 Rd2 41. Rxa5 1/2-1/2

[Event "Marianske Lazne op"]
[Site "Marianske Lazne"]
[Date "2008.01.20"]
[Round "2"]
[White "Filinkov, Alexander"]
[Black "Kuebler, Marcus"]
[Result "1-0"]
[WhiteElo "2246"]
[BlackElo "2050"]
[PlyCount "65"]
[EventDate "2008.01.19"]
[EventType "swiss"]
[EventRounds "9"]
[EventCountry "CZE"]
[SourceTitle "CBM 122 Extra"]
[Source "ChessBase"]
[SourceDate "2008.03.04"]
[SourceVersion "1"]
[SourceVersionDate "2008.03.04"]
[SourceQuality "1"]

1. e4 e5 2. Bc4 Nc6 3. Nf3 Nf6 4. Ng5 d5 5. exd5 Na5 6. d3 c6 7. Qe2 Bd6 8. dxc6 0-0 9. Nc3 Nxc4 10. dxc4 bxc6 11. Nge4 Nxe4 12. Nxe4 Be7 13. Bd2 f5 14. Nc3 Bd6 15. 0-0-0 Qe7 16. b3 Bd7 17. Rhe1 Rae8 18. Na4 Kh8 19. Bc3 Bc8 20. Rxd6 Qxd6 21. Bxe5 Qd8 22. f4 Kg8 23. Qf3 Qh4 24. g3 Qh6 25. Nc5 Rd8 26. h4 Rfe8 27. Qc3 Qh5 28. Kb2 Qf7 29. Qa5 h6 30. Nd3 Qg6 31. Qxa7 Qxg3 32. Rg1 Rxd3 33. cxd3 1-0